[Event "Reunion op 09th"]
[Site "Reunion"]
[Date "2007.10.21"]
[Round "9"]
[White "Fauvet, Emmanuel"]
[Black "Lorans, Sylvain"]
[Result "0-1"]
[WhiteElo "2091"]
[BlackElo "2186"]
[PlyCount "158"]
[EventDate "2007.10.14"]
[EventType "swiss"]
[EventRounds "9"]
[EventCountry "RUF"]
[SourceTitle "EXT 2012"]
[Source "ChessBase"]
[SourceDate "2011.11.24"]
[SourceVersion "1"]
[SourceVersionDate "2011.11.24"]
[SourceQuality "1"]

1. d4 Nf6 2. Nc3 d5 3. e4 Nxe4 4. Nxe4 dxe4 5. f3 e5 6. Be3 Bd6 7. dxe5 Bxe5 8. Qxd8+ Kxd8 9. 0-0-0+ Nd7 10. fxe4 Re8 11. Nf3 Bd6 12. Bd3 f6 13. Rhe1 h6 14. Bd4 c5 15. Bc3 Kc7 16. Kb1 Ne5 17. Nxe5 Bxe5 18. Bxe5+ Rxe5 19. Bc4 Bg4 20. Rd5 Rae8 21. Rxe5 Rxe5 22. Bf7 Bf5 23. Kc1 Bxe4 24. g3 Bh7 25. Rxe5 fxe5 26. Kd2 Kd6 27. c3 Bf5 28. a3 Be6 29. Bg6 Bd5 30. Ke3 a5 31. h4 b5 32. b4 axb4 33. axb4 cxb4 34. cxb4 Bc4 35. Be4 Ke6 36. Kf2 Bd5 37. Bd3 Bc6 38. Ke3 g5 39. hxg5 hxg5 40. Bc2 Kf6 41. Bd3 Kg7 42. Bf5 Kh6 43. Bg4 Kg6 44. Kd3 Bg2 45. Ke3 Bc6 46. Kd3 Kf6 47. Ke3 Ke7 48. Bf5 Bd7 49. Bd3 Kf7 50. Kf2 Ke6 51. Ke3 Kd5 52. Be2 e4 53. Bf1 Ke5 54. Be2 Bc6 55. Bh5 Bd5 56. Be2 Bc4 57. Bd1 Kf6 58. Bh5 Bd3 59. Bd1 Bf1 60. Bh5 Bc4 61. Bd1 Ke5 62. Bh5 Bf1 63. Bg6 Bd3 64. Bh5 Kf5 65. Bd1 Bc4 66. Bh5 Bb3 67. Kd4 Bc4 68. Bd1 Bf1 69. Bh5 Bg2 70. Ke3 Bf3 71. Bxf3 exf3 72. Kxf3 g4+ 73. Ke3 Ke5 74. Kd3 Kd5 75. Ke3 Kc4 76. Kf4 Kxb4 77. Kxg4 Kc4 78. Kf4 b4 79. g4 b3 0-1